000 01433cas a22003977a 4500
005 20220329142304.0
008 000512c1983 mx qr pernn 0 b1spa d
010 _a81100
011 _a82072
022 _a0187-5779
035 _a92557
245 0 0 _aTerra
_c/por Sociedad Mexicana de la Ciencia del Suelo
260 0 _aChapingo, Méx. :
_bSociedad Mexicana de la Ciencia del Suelo,
_c1983-
300 _av.
310 _aTrimestral
321 _aSemestral
362 _av.16 n.2, 1998
590 _aBATCH-UPD
_b10
_c20130110
_lUCH01
_h0548
590 _aBATCH-UPD
_b10
_c20130410
_lUCH01
_h0229
590 _aBATCH-UPD
_b10
_c20130914
_lUCH01
_h2039
590 _aCONVERSION
_b10
_c20130109
_lUCH01
_h1345
650 1 4 _aSuelos
_xPublicaciones periódicas.
_9110465
866 _av. 16 n. 1 (Marzo 1998) - v. 16 n. 2 (Junio 1998)
866 _av. 16 n. 4 (Diciembre 1998)
866 _av. 19 n. 3 (Septiembre 2001)
866 _av. 20 n. 4 (Diciembre 2002)
866 _av. 21 n. 1 (Marzo 2003) - v. 21 n. 4 (Diciembre 2003)
866 _av. 22 n. 1 (Marzo 2004) - v. 22 n. 3 (Septiembre 2004)
866 _av.1 n.1-v.3 n.1 - (1983-1985)
866 _av.12 n.2-3 - (1994)
866 _av.13 n.1,3-4 - (1995)
866 _av.14 n.1-v.15 n.4 - (1996-1997)
866 _av.4 n.2-v.11 n.2 - (1986-1993)
901 _aSE
905 _aLilia Sánchez G.
999 _c81100
_d81100